Guía de perdedores, perdidizos y perdidos (Record no. 66600)

MARC details
000 -LEADER
campo de control de longitud fija 00636nam a2200217 i 4500
001 - NÚMERO DE CONTROL
campo de control 66600
003 - IDENTIFICADOR DE NÚMERO DE CONTROL
campo de control ES-MaACL
005 - FECHA Y HORA DE LA ÚLTIMA TRANSACCIÓN
campo de control 20250808010510.0
007 - CAMPO FIJO DE DESCRIPCIÓN FÍSICA--INFORMACIÓN GENERAL
campo de control de longitud fija t|
008 - DATOS DE LONGITUD FIJA--INFORMACIÓN GENERAL
campo de control de longitud fija 030121s2002 sp ||||0| spa d
020 ## - NÚMERO INTERNACIONAL ESTÁNDAR DEL LIBRO
Número Internacional Estándar del Libro 84-88159-18-8
040 ## - FUENTE DE CATALOGACIÓN
Centro catalogador/agencia de origen M-BN
Lengua de catalogación spa
Centro/agencia transcriptor M-BN
080 ## - NÚMERO DE LA CLASIFICACIÓN DECIMAL UNIVERSAL
Número de la Clasificación Decimal Universal 171
100 1# - ENTRADA PRINCIPAL--NOMBRE DE PERSONA
Nombre de persona Cencillo, Luis.
9 (RLIN) 37397
245 10 - MENCIÓN DEL TÍTULO
Título Guía de perdedores, perdidizos y perdidos
Resto del título : (la felicidad sustantiva) /
Mención de responsabilidad, etc. Luis Cencillo.
260 ## - PUBLICACIÓN, DISTRIBUCIÓN, ETC.
Lugar de publicación, distribución, etc. [Madrid] :
Nombre del editor, distribuidor, etc. Syntagma,
Fecha de publicación, distribución, etc. [2002]
300 ## - DESCRIPCIÓN FÍSICA
Extensión 490 p. ;
Dimensiones 21 cm.
650 17 - PUNTO DE ACCESO ADICIONAL DE MATERIA--TÉRMINO DE MATERIA
Término de materia o nombre geográfico como elemento de entrada Moral práctica
Fuente del encabezamiento o término embne
9 (RLIN) 11261
852 ## - LOCALIZACIÓN
Ubicación ES-MaACL
Número de control de estantería L-27111
Sublocalización o colección R.132644
Holdings
Estatus retirado Estado de pérdida Estado de daño No para préstamo Biblioteca de origen Biblioteca actual Ubicación en estantería Fecha de adquisición Fuente de adquisición Total de préstamos Signatura topográfica completa Código de barras Visto por última vez Precio de reemplazo Tipo de ítem Koha
        Biblioteca del Ateneo de Madrid Biblioteca del Ateneo de Madrid Depósito 2 17/01/2008     L-27111 1069762 23/02/2023 23/02/2023 Libro impreso